Reforma sociálneho poistenia v Slovenskej republike - aktuálne otázky
Základné dôvody nevyhnutnosti uskutočnenia reformy sociálneho zabezpečenia na Slovensku. Predpoklady reformy sociálneho poistenia. Súčasti sociálneho poistenia. Základné problémy fungovania systému dôchodkového zabezpečenia. Etapy reformy dôchodkového systému. Charakteristika prechodu na dvojpiliero...
Saved in:
| Main Author: | |
|---|---|
| Format: | Book Chapter |
| Language: | Slovak |
| Subjects: | |
| Tags: |
No Tags, Be the first to tag this record!
|
MARC
| LEADER | 00000naa a2200000 4500 | ||
|---|---|---|---|
| 001 | r044956 | ||
| 005 | 20230929081427.6 | ||
| 041 | 0 | |a slo | |
| 044 | |a SK | ||
| 245 | 1 | 0 | |a Reforma sociálneho poistenia v Slovenskej republike - aktuálne otázky |c Michal Szabo |
| 520 | |a Základné dôvody nevyhnutnosti uskutočnenia reformy sociálneho zabezpečenia na Slovensku. Predpoklady reformy sociálneho poistenia. Súčasti sociálneho poistenia. Základné problémy fungovania systému dôchodkového zabezpečenia. Etapy reformy dôchodkového systému. Charakteristika prechodu na dvojpilierovú sústavu dôchodkového poistenia. Základné problémy fungovania systému nemocenského poistenia. | ||
| 610 | 2 | 0 | |a poistenie sociálne |
| 610 | 2 | 0 | |a reformy sociálne |
| 610 | 2 | 0 | |a zabezpečenie dôchodkové |
| 610 | 2 | 0 | |a zabezpečenie nemocenské |
| 610 | 2 | 0 | |a zabezpečenie sociálne |
| 100 | 1 | |a Szabo, Michal | |